Días y obras de Sarmiento

Αποθηκεύτηκε σε:
Λεπτομέρειες βιβλιογραφικής εγγραφής
Κύριος συγγραφέας: Solari, Juan Antonio
Μορφή: Βιβλίο
Γλώσσα:Undetermined
Έκδοση: Buenos Aires, Argentina Plus Ultra 1968
Θέματα:
Ετικέτες: Προσθήκη ετικέτας
Δεν υπάρχουν, Καταχωρήστε ετικέτα πρώτοι!

MARC

LEADER 00000nam a2200000Ia 4500
008 170316s9999 xx 000 0 und d
040 |a cru BVZT 
090 |a 860 S-28d 
100 |a Solari, Juan Antonio 
245 |a Días y obras de Sarmiento 
260 |a Buenos Aires, Argentina 
260 |b Plus Ultra 
260 |c 1968 
300 |a 126páginas 
650 |a LITERATURA LATINOAMERICANA 
999 |c 9231  |d 9231 
942 |c 15 D  |h 860 S-28d  |2 z